Carregant...

Rasika ranjini: masika suji

Dades bibliogràfiques
Autor principal: Shankuni Menon, Perambil
Format: Printed Book
Idioma:Malayalam
Publicat: Thrissur : Kerala Sahithya Academy , 1977.
LEADER 00620nam a2200157Ia 4500
008 150624b xxu||||| |||| 00| | mal d
082 |a M 
100 |a Shankuni Menon, Perambil 
245 |c Perambil Shankuni Menon  |a Rasika ranjini:  |b masika suji 
260 |a Thrissur :  |b Kerala Sahithya Academy ,  |c 1977. 
300 |a 49 p. 
546 |a In Malayalam. 
942 |c REF 
999 |c 103214  |d 103214 
952 |0 1  |1 0  |2 ddc  |4 1  |6 M  |7 0  |8 REF  |9 104606  |a UL  |b UL  |c Ref2  |d 2014-06-03  |l 0  |o M   |p 40765  |r 2014-06-03  |x R3  |y REF 
952 |0 1  |1 0  |2 ddc  |4 0  |6 055_000000000000000_1_SAN_R_R  |7 0  |9 104747  |a UL  |b UL  |c REF  |d 2014-06-03  |l 0  |o 055.1, SAN/R R  |p 40764  |r 2014-06-03  |y REF